00000000nam##2200000za#4500
0019.616896
003CaOODSP
00520210615101834
007ta
008150406|2004||||xxc|||||     f|0| 0 eng|d
022 |a0706-6473
040 |aCaOODSP|beng
043 |an-cn---
0861 |aFs97-4/2673E
1101 |aCanada. |bDepartment of Fisheries and Oceans.
24510|aBottom trawl survey of young-of-the-year lingcod (Ophiodon elongatus) in the Strait of Georgia By the R/V Neocaligus, July 28-August 9, 2003 / |cby D.R. Haggarty, J.R. King, and K.L. Mathias.
260 |aBurlington - Ontario : |bFisheries and Oceans Canada |c2004.
300 |av, 39p. : |bgraphs, map, references, tables ; |c28 cm.
4901 |aCanadian manuscript report of fisheries and aquatic sciences|x0706-6473|v2673
500 |aOn title page: Fisheries and Oceans Canada, Science Branch, Pacific Region, Pacific Biological Station, Nanaimo, British Columbia, V9T 6N7.
5203 |aThis report is part of a series that contains scientific and technical information that contributes to existing knowledge but deals with national or regional problems. They are distributed to institutions and individuals in the relevant areas of Canada. The subject matter reflects the interests and policies of the Department of Fisheries and Oceans.
546 |a(Résumés en français.)
563 |aSoftcover
590 |a04-24|b2004-06-11
7201 |aHaggarty, D.
7201 |aKing, J.
7201 |aMathias, K. L.
7760#|tBottom trawl survey of young-of-the-year lingcod (Ophiodon elongates) in the Strait of Georgia by the R/V Neocaligus, July 28 – August 9, 2003 / |w(CaOODSP)9.579979
830#0|aCanadian manuscript report of fisheries and aquatic sciences,|x0706-6473|v2673|w(CaOODSP)9.514688